[Event "CZE-ch Youth B14 2022"]
[Site "Luhacovice"]
[Date "2022.03.14"]
[Round "3.1"]
[White "Prazak, Daniel"]
[Black "Hladky, Tadeas"]
[Result "1/2-1/2"]
[WhiteElo "2016"]
[BlackElo "2029"]
[Annotator "ChessBase"]
[PlyCount "71"]
[EventDate "2022.03.12"]
[EventType "swiss"]
[EventCountry "CZE"]
[SourceTitle "playchess.com"]
[Source "ChessBase"]
[SourceQuality "1"]
[TimeControl "40/5400+30:1800+30"]

1. c4 {[%emt 0:00:03]} c6 {[%emt 0:00:06]} 2. Nf3 {[%emt 0:00:18]} d5 {[%emt 0:00:10]} 3. g3 {[%emt 0:00:05]} Nf6 {[%emt 0:00:05]} 4. Bg2 {[%emt 0:00:22]} Bf5 {[%emt 0:01:07]} 5. b3 {[%emt 0:01:04]} Nbd7 {[%emt 0:00:29]} 6. Bb2 {[%emt 0:00:05]} e6 {[%emt 0:00:05]} 7. O-O {[%emt 0:00:59]} Bd6 {[%emt 0:00:05]} 8. Nc3 {[%emt 0:00:15]} O-O {[%emt 0:00:18]} 9. d3 {[%emt 0:00:14]} Qe7 {[%emt 0:00:08]} 10. Nh4 {[%emt 0:01:20]} Bg6 {[%emt 0:00:18]} 11. Nxg6 {[%emt 0:00:08]} hxg6 {[%emt 0:00:07]} 12. e3 {[%emt 0:00:25]} Ba3 {[%emt 0:00:07]} 13. Bxa3 {[%emt 0:04:25]} Qxa3 {[%emt 0:00:08]} 14. Qe2 {[%emt 0:00:34]} Rfd8 {[%emt 0:04:29]} 15. d4 {[%emt 0:22:29]} Rac8 {[%emt 0:03:27]} 16. Rac1 {[%emt 0:00:45]} a6 {[%emt 0:00:55]} 17. f4 {[%emt 0:27:39]} Qa5 {[%emt 0:12:53]} 18. c5 {[%emt 0:04:29]} Ne8 {[%emt 0:03:06]} 19. Qd3 {[%emt 0:07:40]} b6 {[%emt 0:12:52]} 20. Na4 {[%emt 0:02:15]} bxc5 {[%emt 0:03:15]} 21. Nxc5 {[%emt 0:01:37]} Nxc5 {[%emt 0:00:11]} 22. Rxc5 {[%emt 0:00:17]} Qxa2 {[%emt 0:00:18]} 23. Qc3 {[%emt 0:05:25]} Nd6 {[%emt 0:07:38]} 24. Ra1 {[%emt 0:06:03]} Qe2 {[%emt 0:02:12]} 25. Re1 {[%emt 0:00:30]} Qg4 {[%emt 0:01:25]} 26. Rxc6 {[%emt 0:00:23]} g5 {[%emt 0:02:55]} 27. Qc5 {[%emt 0:02:46]} Rxc6 {[%emt 0:01:53]} 28. Qxc6 {[%emt 0:00:03]} gxf4 {[%emt 0:07:52]} 29. gxf4 {[%emt 0:00:22]} Rc8 {[%emt 0:01:21]} 30. Qxa6 {[%emt 0:01:51]} Rc2 {[%emt 0:00:10]} 31. Qf1 {[%emt 0:00:08]} Nf5 {[%emt 0:02:10]} 32. Qf3 {[%emt 0:03:35]} Qg6 {[%emt 0:01:31]} 33. Re2 Nh4 {[%emt 0:01:43]} 34. Qf1 {[%emt 0:00:33]} Rxe2 {[%emt 0:03:45]} 35. Qxe2 {[%emt 0:00:05]} Nxg2 {[%emt 0:00:51]} 36. Qxg2 {[%emt 0:00:05]} 1/2-1/2

[Event "CZE-ch Youth B14 2022"]
[Site "Luhacovice"]
[Date "2022.03.14"]
[Round "3.2"]
[White "Fizer, Marek"]
[Black "Brozka, Karel"]
[Result "0-1"]
[WhiteElo "1876"]
[BlackElo "2125"]
[Annotator "ChessBase"]
[PlyCount "90"]
[EventDate "2022.03.12"]
[EventType "swiss"]
[EventCountry "CZE"]
[SourceTitle "playchess.com"]
[Source "ChessBase"]
[SourceQuality "1"]
[TimeControl "40/5400+30:1800+30"]

1. d4 {[%emt 0:00:03]} Nf6 {[%emt 0:00:20]} 2. Nc3 {[%emt 0:00:05]} d5 {[%emt 0:00:38]} 3. Bf4 {[%emt 0:00:12]} c6 {[%emt 0:02:33]} 4. e3 {[%emt 0:00:13]} Bf5 {[%emt 0:01:56]} 5. Bd3 {[%emt 0:01:14]} Bxd3 {[%emt 0:08:38]} 6. cxd3 {[%emt 0:04:38]} e6 {[%emt 0:02:07]} 7. h3 {[%emt 0:05:10]} Bd6 {[%emt 0:11:23]} 8. Bxd6 {[%emt 0:04:51]} Qxd6 {[%emt 0:00:24]} 9. Nf3 {[%emt 0:01:18]} Nbd7 {[%emt 0:01:16]} 10. e4 {[%emt 0:04:33]} Qb4 {[%emt 0:07:57]} 11. Qd2 {[%emt 0:07:04]} Nb6 {[%emt 0:02:35]} 12. e5 {[%emt 0:05:31]} Nfd7 {[%emt 0:02:03]} 13. O-O {[%emt 0:00:33]} O-O {[%emt 0:04:14]} 14. Nd1 {[%emt 0:08:35]} Qxd2 {[%emt 0:09:23]} 15. Nxd2 {[%emt 0:00:15]} c5 {[%emt 0:10:53]} 16. f4 {[%emt 0:06:32]} Rac8 {[%emt 0:03:15]} 17. dxc5 {[%emt 0:01:48]} Nxc5 {[%emt 0:04:48]} 18. Rf3 {[%emt 0:12:05]} Nca4 {[%emt 0:01:41]} 19. b3 {[%emt 0:05:57]} Rc2 {[%emt 0:02:07]} 20. Nf1 {[%emt 0:03:13]} Nc5 {[%emt 0:02:21]} 21. Rf2 {[%emt 0:00:36]} Rxf2 {[%emt 0:00:58]} 22. Nxf2 {[%emt 0:00:08]} Rc8 {[%emt 0:02:41]} 23. Rc1 {[%emt 0:02:24]} Na6 {[%emt 0:00:59]} 24. Rxc8+ {[%emt 0:00:15]} Nxc8 {[%emt 0:00:01]} 25. Ne3 {[%emt 0:02:57]} Nb4 {[%emt 0:01:15]} 26. a3 {[%emt 0:01:20]} Nc6 {[%emt 0:00:37]} 27. Nc2 {[%emt 0:00:55]} N8e7 {[%emt 0:00:37]} 28. Kf1 {[%emt 0:09:30]} Nf5 {[%emt 0:01:51]} 29. b4 {[%emt 0:02:33]} Ncd4 {[%emt 0:05:51]} 30. Nxd4 {[%emt 0:01:01]} Nxd4 {[%emt 0:00:07]} 31. a4 {[%emt 0:00:56]} Nc2 {[%emt 0:03:36]} 32. b5 {[%emt 0:00:09]} Ne3+ {[%emt 0:00:07]} 33. Kg1 {[%emt 0:00:33]} Kf8 {[%emt 0:00:16]} 34. Ng4 {[%emt 0:01:19]} Nd1 {[%emt 0:01:03]} 35. a5 {[%emt 0:00:34]} Nc3 {[%emt 0:00:11]} 36. b6 {[%emt 0:00:34]} axb6 {[%emt 0:00:56]} 37. axb6 {[%emt 0:00:06]} Ne2+ {[%emt 0:03:38]} 38. Kf2 {[%emt 0:00:49]} Nxf4 {[%emt 0:00:04]} 39. d4 {[%emt 0:00:26]} Ke7 {[%emt 0:01:00]} 40. h4 {[%emt 0:01:08]} h5 {[%emt 0:01:38]} 41. Ne3 {[%emt 0:30:25]} Nd3+ {[%emt 0:31:35]} 42. Ke2 {[%emt 0:00:30]} Nb2 {[%emt 0:00:55]} 43. Kd2 {[%emt 0:00:27]} Na4 {[%emt 0:00:36]} 44. Kc2 {[%emt 0:00:20]} Nxb6 {[%emt 0:00:04]} 45. Kb3 {[%emt 0:00:05]} Nc4 {[%emt 0:00:00]} 0-1

[Event "CZE-ch Youth B14 2022"]
[Site "Luhacovice"]
[Date "2022.03.14"]
[Round "3.3"]
[White "Buchta, Bartolomej"]
[Black "Jasso, Matej"]
[Result "1-0"]
[WhiteElo "1901"]
[BlackElo "1726"]
[Annotator "ChessBase"]
[PlyCount "69"]
[EventDate "2022.03.12"]
[EventType "swiss"]
[EventCountry "CZE"]
[SourceTitle "playchess.com"]
[Source "ChessBase"]
[SourceQuality "1"]
[TimeControl "40/5400+30:1800+30"]

1. e4 {[%emt 0:00:03]} c5 {[%emt 0:00:05]} 2. Nf3 {[%emt 0:00:04]} d6 {[%emt 0:00:18]} 3. d4 {[%emt 0:00:06]} cxd4 {[%emt 0:00:05]} 4. Nxd4 {[%emt 0:00:05]} Nf6 {[%emt 0:00:08]} 5. Nc3 {[%emt 0:00:05]} a6 {[%emt 0:00:03]} 6. h3 {[%emt 0:00:04]} e6 {[%emt 0:02:03]} 7. g4 {[%emt 0:00:31]} Nc6 {[%emt 0:02:27]} 8. Bg2 {[%emt 0:01:41]} d5 {[%emt 0:10:49]} 9. exd5 {[%emt 0:02:01]} Nxd5 {[%emt 0:00:35]} 10. Nxd5 {[%emt 0:07:23]} exd5 {[%emt 0:00:08]} 11. O-O {[%emt 0:00:14]} Be7 {[%emt 0:01:58]} 12. Be3 {[%emt 0:03:47]} O-O {[%emt 0:02:48]} 13. c3 {[%emt 0:06:21]} Bf6 {[%emt 0:10:29]} 14. Qd2 {[%emt 0:03:00]} Bxd4 {[%emt 0:05:10]} 15. Bxd4 {[%emt 0:00:19]} Qd6 {[%emt 0:00:26]} 16. Rad1 {[%emt 0:01:49]} Be6 {[%emt 0:04:38]} 17. Bxg7 {[%emt 0:07:39]} Kxg7 {[%emt 0:00:36]} 18. Qg5+ {[%emt 0:00:06]} Kh8 {[%emt 0:00:09]} 19. Qf6+ {[%emt 0:00:03]} Kg8 {[%emt 0:00:08]} 20. Rxd5 {[%emt 0:00:20]} Qxd5 {[%emt 0:03:12]} 21. Bxd5 {[%emt 0:00:10]} Bxd5 {[%emt 0:00:09]} 22. Qg5+ {[%emt 0:00:04]} Kh8 {[%emt 0:00:11]} 23. Qxd5 {[%emt 0:00:07]} Rad8 {[%emt 0:00:07]} 24. Qf5 {[%emt 0:02:43]} f6 {[%emt 0:03:07]} 25. Re1 {[%emt 0:02:40]} Ne5 {[%emt 0:00:46]} 26. Kg2 {[%emt 0:10:18]} Kg7 {[%emt 0:01:15]} 27. h4 {[%emt 0:16:59]} Ng6 {[%emt 0:11:52]} 28. Kf1 {[%emt 0:04:04]} Rfe8 {[%emt 0:00:58]} 29. Rxe8 {[%emt 0:01:33]} Rxe8 {[%emt 0:00:14]} 30. h5 {[%emt 0:01:40]} Ne5 {[%emt 0:01:51]} 31. f4 {[%emt 0:04:17]} Nc6 {[%emt 0:00:48]} 32. h6+ {[%emt 0:01:57]} Kg8 {[%emt 0:01:56]} 33. Qxf6 {[%emt 0:00:10]} Re7 {[%emt 0:00:09]} 34. g5 {[%emt 0:02:10]} Rf7 {[%emt 0:01:12]} 35. Qe6 {[%emt 0:00:55]} 1-0

[Event "CZE-ch Youth B14 2022"]
[Site "Luhacovice"]
[Date "2022.03.14"]
[Round "3.4"]
[White "Babula, Matej"]
[Black "Setina, Vaclav"]
[Result "1-0"]
[WhiteElo "1753"]
[BlackElo "1881"]
[Annotator "NA"]
[PlyCount "91"]
[EventDate "2022.03.12"]
[EventType "swiss"]
[EventCountry "CZE"]
[SourceTitle "playchess.com"]
[Source "ChessBase"]
[SourceQuality "1"]
[TimeControl "40/5400+30:1800+30"]

1. e4 {[%emt 0:00:01]} c5 {[%emt 0:00:00]} 2. Nf3 {[%emt 0:00:06]} d6 {[%emt 0:00:03]} 3. d4 {[%emt 0:00:04]} cxd4 {[%emt 0:00:01]} 4. Nxd4 {[%emt 0:00:06]} Nf6 {[%emt 0:00:18]} 5. Nc3 {[%emt 0:00:03]} Nc6 {[%emt 0:00:16]} 6. Be3 {[%emt 0:21:25]} e6 {[%emt 0:01:10]} 7. Bc4 {[%emt 0:01:45]} (7. Qd2 $14 {is superior.}) 7... Be7 {[%emt 0:00:33] 7...a6 gains popularity.} 8. Bb3 {[%emt 0:00:31]} a6 {[%emt 0:00:30]} 9. g4 {[%emt 0:01:43]} (9. f4 {feels stronger.}) 9... Nxd4 {[%emt 0:04:32]} 10. Qxd4 {[%emt 0:03:36]} e5 {[%emt 0:00:21] [#]} 11. Qd2 $146 {[%emt 0:00:57]} ({Predecessor:} 11. Qd3 Bxg4 12. Rg1 O-O 13. Bg5 Bh5 14. Qh3 Bg6 15. Bxf6 Bxf6 16. O-O-O Rc8 17. Qf3 {0-1 (58) Velimirovic,D (2515)-Popovic,P (2545) Bar 1997}) 11... Nxg4 {[%emt 0:00:16]} 12. Nd5 {[%emt 0:10:46]} Nxe3 {[%emt 0:10:11]} 13. Nxe3 {[%emt 0:00:11]} Be6 {[%emt 0:00:40]} 14. O-O-O {[%emt 0:03:02]} Bxb3 {[%emt 0:07:37]} 15. axb3 {[%emt 0:04:59]} Bg5 {[%emt 0:07:08]} 16. Rhg1 {[%emt 0:13:07]} O-O {[%emt 0:00:17]} 17. Kb1 {[%emt 0:02:50]} Qf6 $2 {[%emt 0:08:41] [#]} (17... Bf4 $15) 18. Nd5 $1 {[%emt 0:03:09]} Bxd2 {[%emt 0:00:20]} 19. Nxf6+ {[%emt 0:00:02]} Kh8 {[%emt 0:00:25]} 20. Nd7 {[%emt 0:01:25]} Bb4 {[%emt 0:01:10]} 21. Nxf8 {[%emt 0:00:05]} Rxf8 {[%emt 0:00:11]} 22. Rgf1 {[%emt 0:07:11]} Bc5 {[%emt 0:02:58]} 23. b4 {[%emt 0:02:16]} Bxb4 {[%emt 0:03:08]} 24. c3 {[%emt 0:00:02]} Ba5 {[%emt 0:03:31]} 25. Rxd6 {[%emt 0:00:07]} Bd8 {[%emt 0:01:14]} 26. Rd7 {[%emt 0:01:23]} b6 {[%emt 0:01:26]} 27. Rfd1 {[%emt 0:00:45]} Bh4 {[%emt 0:02:58]} 28. R1d6 {[%emt 0:00:56]} Bxf2 {[%emt 0:01:36]} 29. Rxf7 {[%emt 0:00:21]} Kg8 {[%emt 0:00:40]} 30. Rxf8+ {[%emt 0:00:56]} Kxf8 {[%emt 0:00:02]} 31. Re6 {[%emt 0:01:13]} a5 {[%emt 0:01:35]} 32. Rxe5 {[%emt 0:00:21]} Bg1 {[%emt 0:02:04]} 33. h3 {[%emt 0:00:36]} Kf7 {[%emt 0:03:46]} 34. Kc2 {[%emt 0:00:29]} h6 {[%emt 0:04:09]} 35. Kd3 {[%emt 0:00:34]} g5 $18 {[%emt 0:01:39]} 36. Ke2 {[%emt 0:01:22]} a4 {[%emt 0:08:54]} 37. Rd5 {[%emt 0:02:36]} Kf6 {[%emt 0:08:35]} 38. Rd8 {[%emt 0:00:24]} h5 {[%emt 0:01:59]} 39. Kf3 {[%emt 0:00:34]} Bh2 {[%emt 0:01:38]} 40. Ra8 {[%emt 0:01:23]} Bd6 {[%emt 0:02:54]} 41. Rxa4 {[%emt 0:30:45]} g4+ {[%emt 0:33:28]} 42. hxg4 {[%emt 0:00:12]} h4 {[%emt 0:00:43]} 43. Kg2 {[%emt 0:01:05]} Kg5 {[%emt 0:00:32]} 44. Kh3 {[%emt 0:00:19]} Bg3 {[%emt 0:00:36]} 45. Rb4 {[%emt 0:01:21]} Bf2 {[%emt 0:00:09]} 46. e5 {[%emt 0:00:25]} 1-0

[Event "CZE-ch Youth B14 2022"]
[Site "Luhacovice"]
[Date "2022.03.14"]
[Round "3.5"]
[White "Zelba, Lukas"]
[Black "Kubin, Tomas Daniel"]
[Result "1-0"]
[WhiteElo "1945"]
[BlackElo "1666"]
[Annotator "NA"]
[PlyCount "87"]
[EventDate "2022.03.12"]
[EventType "swiss"]
[EventCountry "CZE"]
[SourceTitle "playchess.com"]
[Source "ChessBase"]
[SourceQuality "1"]
[TimeControl "40/5400+30:1800+30"]

1. Nf3 {[%emt 0:00:42]} Nf6 {[%emt 0:00:41]} 2. c4 {[%emt 0:00:14]} g6 {[%emt 0:01:05]} 3. g3 {[%emt 0:00:16]} Bg7 {[%emt 0:00:43]} 4. Bg2 {[%emt 0:00:26]} O-O {[%emt 0:00:48]} 5. O-O {[%emt 0:00:53]} c5 {[%emt 0:04:36]} 6. d3 {[%emt 0:04:26]} Nc6 {[%emt 0:02:31]} 7. Bd2 {[%emt 0:06:40]} d6 {[%emt 0:09:30]} 8. Bc3 {[%emt 0:01:34]} e6 {[%emt 0:02:27]} 9. Nbd2 {[%emt 0:04:06]} (9. a3 $11 {feels stronger.}) 9... Bd7 {[%emt 0:07:58]} 10. Rc1 {[%emt 0:10:58]} a5 {[%emt 0:08:10]} 11. a3 {[%emt 0:03:19]} a4 {[%emt 0:02:02]} 12. Ne4 {[%emt 0:00:28]} Nxe4 {[%emt 0:07:42]} 13. dxe4 {[%emt 0:00:13]} Qc7 {[%emt 0:02:28]} 14. Bxg7 {[%emt 0:06:05]} Kxg7 {[%emt 0:00:08]} 15. Rc3 {[%emt 0:00:59]} Rfd8 {[%emt 0:04:38]} 16. Nd2 {[%emt 0:05:19]} Ne7 {[%emt 0:03:14]} 17. Nb1 {[%emt 0:03:21]} Ra6 {[%emt 0:03:41]} 18. Rd3 {[%emt 0:01:02]} b5 {[%emt 0:04:40]} 19. e5 {[%emt 0:14:55]} Nc8 {[%emt 0:05:23]} 20. cxb5 {[%emt 0:05:55]} Bxb5 {[%emt 0:00:52]} 21. Rc3 {[%emt 0:01:22]} (21. exd6 $11 Nxd6 22. Rd2) 21... d5 {[%emt 0:01:58]} 22. Qc1 {[%emt 0:02:38]} Bxe2 {[%emt 0:07:53]} 23. Rxc5 {[%emt 0:00:34]} Qb8 {[%emt 0:00:33]} 24. Re1 {[%emt 0:02:39]} Bc4 $11 {[%emt 0:00:25]} 25. Bf1 {[%emt 0:02:16]} Nb6 {[%emt 0:02:34]} 26. Nd2 {[%emt 0:01:06]} Bxf1 {[%emt 0:01:00]} 27. Kxf1 {[%emt 0:00:26]} Nd7 {[%emt 0:00:59]} 28. Nf3 {[%emt 0:08:07]} Nxc5 {[%emt 0:01:46]} 29. Qxc5 {[%emt 0:00:10]} Qxb2 {[%emt 0:01:19]} 30. Qe7 {[%emt 0:00:32]} Qb5+ {[%emt 0:00:47]} 31. Kg2 {[%emt 0:00:09]} Qd7 {[%emt 0:00:41]} 32. Qf6+ {[%emt 0:00:27]} Kg8 {[%emt 0:00:12]} 33. Rb1 {[%emt 0:01:16]} Ra7 {[%emt 0:05:21]} 34. Rb4 {[%emt 0:04:56]} Qe7 {[%emt 0:03:02]} 35. Qf4 {[%emt 0:00:56]} Kg7 {[%emt 0:01:25]} 36. h4 {[%emt 0:03:01]} f6 {[%emt 0:01:33]} 37. Nd4 {[%emt 0:00:20]} Rc8 {[%emt 0:01:37]} 38. Rb6 {[%emt 0:00:43]} f5 {[%emt 0:01:43]} 39. Rxe6 {[%emt 0:01:07]} Qc5 {[%emt 0:00:58]} 40. Rf6 {[%emt 0:02:04]} Kg8 {[%emt 0:00:30]} 41. Ne6 {[%emt 0:14:45]} Qc4 {[%emt 0:08:48]} 42. Qh6 {[%emt 0:02:36]} Qe4+ {[%emt 0:01:08]} 43. Kh2 {[%emt 0:00:06]} Qxe5 {[%emt 0:01:40]} 44. Rf8+ {[%emt 0:00:14]} 1-0

[Event "CZE-ch Youth B14 2022"]
[Site "Luhacovice"]
[Date "2022.03.14"]
[Round "3.6"]
[White "Dusanek, Michal"]
[Black "Siles, Jan"]
[Result "1/2-1/2"]
[WhiteElo "1682"]
[BlackElo "1548"]
[Annotator "NA"]
[PlyCount "73"]
[EventDate "2022.03.12"]
[EventType "swiss"]
[EventCountry "CZE"]
[SourceTitle "playchess.com"]
[Source "ChessBase"]
[SourceQuality "1"]
[TimeControl "40/5400+30:1800+30"]

1. e4 {[%emt 0:00:07]} c5 {[%emt 0:00:14]} 2. Nf3 {[%emt 0:00:30]} Nc6 {[%emt 0:00:21]} 3. d4 {[%emt 0:00:31]} cxd4 {[%emt 0:00:18]} 4. Nxd4 {[%emt 0:00:21]} g6 {[%emt 0:00:25]} 5. c4 {[%emt 0:00:42]} Bg7 {[%emt 0:00:53]} 6. Be3 {[%emt 0:00:13]} Nf6 {[%emt 0:00:41]} 7. Nc3 {[%emt 0:00:17]} O-O {[%emt 0:00:35]} 8. Be2 {[%emt 0:01:24]} d6 {[%emt 0:01:21]} 9. f3 {[%emt 0:00:37]} Bd7 {[%emt 0:04:29]} 10. Qd2 {[%emt 0:01:25]} Rc8 {[%emt 0:03:11]} 11. O-O {[%emt 0:05:20]} Nxd4 {[%emt 0:08:34]} 12. Bxd4 {[%emt 0:00:26]} Be6 {[%emt 0:00:54]} 13. Nd5 {[%emt 0:11:11]} Bxd5 {[%emt 0:05:50]} 14. cxd5 {[%emt 0:09:58]} Nd7 {[%emt 0:04:35]} 15. Be3 {[%emt 0:03:22]} Nc5 {[%emt 0:12:32]} 16. Rac1 {[%emt 0:06:11]} Qd7 {[%emt 0:05:37]} 17. Rc2 {[%emt 0:08:37]} Na4 {[%emt 0:13:42]} 18. Rfc1 {[%emt 0:05:07]} Rxc2 {[%emt 0:04:21]} 19. Rxc2 {[%emt 0:04:00]} Rc8 {[%emt 0:02:51]} 20. b3 {[%emt 0:14:39]} Nb6 {[%emt 0:03:47]} 21. Kf2 {[%emt 0:07:19]} f5 {[%emt 0:12:38]} 22. Rxc8+ {[%emt 0:03:46]} Qxc8 {[%emt 0:00:10]} 23. Qc1 {[%emt 0:01:16]} Qxc1 {[%emt 0:02:48]} 24. Bxc1 {[%emt 0:01:24]} Bd4+ {[%emt 0:00:02]} 25. Kg3 {[%emt 0:05:36]} Kg7 {[%emt 0:00:22]} 26. h4 {[%emt 0:02:38]} Nd7 {[%emt 0:02:11]} 27. h5 {[%emt 0:02:32]} Nf6 {[%emt 0:03:02]} 28. hxg6 {[%emt 0:01:56]} hxg6 {[%emt 0:02:00]} 29. Bd3 {[%emt 0:00:48]} Nh5+ {[%emt 0:03:03]} 30. Kh3 {[%emt 0:00:54]} f4 {[%emt 0:01:24]} 31. Kg4 {[%emt 0:00:51]} Be5 {[%emt 0:00:53]} 32. Bd2 {[%emt 0:00:48]} Nf6+ {[%emt 0:01:25]} 33. Kg5 {[%emt 0:00:20]} Nh5 {[%emt 0:00:34]} 34. Kg4 {[%emt 0:00:13]} Kh6 {[%emt 0:00:54]} 35. Bb5 {[%emt 0:00:34]} g5 {[%emt 0:00:19]} 36. Kf5 {[%emt 0:01:02]} Ng7+ {[%emt 0:00:12]} 37. Kg4 {[%emt 0:00:10]} 1/2-1/2

[Event "CZE-ch Youth B14 2022"]
[Site "Luhacovice"]
[Date "2022.03.14"]
[Round "3.7"]
[White "Tesar, Jakub"]
[Black "Zrubek, Dan"]
[Result "0-1"]
[WhiteElo "1660"]
[BlackElo "1478"]
[Annotator "NA"]
[PlyCount "58"]
[EventDate "2022.03.12"]
[EventType "swiss"]
[EventCountry "CZE"]
[SourceTitle "playchess.com"]
[Source "ChessBase"]
[SourceQuality "1"]
[TimeControl "40/5400+30:1800+30"]

1. e4 {[%emt 0:00:04]} c5 {[%emt 0:00:14]} 2. Nf3 {[%emt 0:00:10]} d6 {[%emt 0:00:23]} 3. d4 {[%emt 0:00:09]} cxd4 {[%emt 0:00:26]} 4. Nxd4 {[%emt 0:00:08]} Nf6 {[%emt 0:00:22]} 5. Nc3 {[%emt 0:00:12]} g6 {[%emt 0:01:09]} 6. Be3 {[%emt 0:00:11]} Bg7 {[%emt 0:01:16]} 7. f3 {[%emt 0:00:20]} O-O {[%emt 0:00:28]} 8. Qd2 {[%emt 0:00:13]} Nc6 {[%emt 0:00:18]} 9. g4 {[%emt 0:00:42]} e6 {[%emt 0:08:49]} 10. h4 {[%emt 0:24:12]} d5 {[%emt 0:09:34]} 11. Nxc6 bxc6 {[%emt 0:00:26]} 12. e5 {[%emt 0:14:52]} Nd7 {[%emt 0:00:35]} 13. f4 {[%emt 0:07:41]} c5 {[%emt 0:13:17]} 14. Nb5 {[%emt 0:13:52]} Ba6 {[%emt 0:03:08]} 15. h5 {[%emt 0:15:31]} Bxb5 {[%emt 0:09:41]} 16. Bxb5 {[%emt 0:00:05]} d4 {[%emt 0:03:01]} 17. Bg1 {[%emt 0:03:23]} g5 {[%emt 0:09:41]} 18. h6 {[%emt 0:09:37]} Bh8 {[%emt 0:02:34]} 19. Rh5 {[%emt 0:05:31]} f6 {[%emt 0:01:56]} 20. Bxd7 {[%emt 0:01:11]} Qxd7 {[%emt 0:00:55]} 21. fxg5 {[%emt 0:01:24]} f5 {[%emt 0:04:48]} 22. gxf5 {[%emt 0:01:16]} Rxf5 {[%emt 0:00:14]} 23. O-O-O {[%emt 0:00:30]} Qf7 {[%emt 0:02:42]} 24. Rh4 {[%emt 0:00:32]} Bxe5 {[%emt 0:01:04]} 25. Qg2 {[%emt 0:00:33]} Rb8 {[%emt 0:01:29]} 26. Bh2 {[%emt 0:00:31]} Rf2 {[%emt 0:01:55]} 27. Qg1 {[%emt 0:00:10]} Bxh2 {[%emt 0:00:37]} 28. Rxh2 {[%emt 0:00:04]} Qf4+ {[%emt 0:00:10]} 29. Rd2 {[%emt 0:00:54]} Qxd2+ {[%emt 0:00:09]} 0-1

[Event "CZE-ch Youth B14 2022"]
[Site "Luhacovice"]
[Date "2022.03.14"]
[Round "3.8"]
[White "Juracak, David"]
[Black "Soucek, Jan"]
[Result "1/2-1/2"]
[WhiteElo "1717"]
[BlackElo "1849"]
[Annotator "NA"]
[PlyCount "137"]
[EventDate "2022.03.12"]
[EventType "swiss"]
[EventCountry "CZE"]
[SourceTitle "playchess.com"]
[Source "ChessBase"]
[SourceQuality "1"]
[TimeControl "40/5400+30:1800+30"]

1. d4 {[%emt 0:00:02]} Nf6 {[%emt 0:00:45]} 2. c4 {[%emt 0:00:11]} e6 {[%emt 0:00:13]} 3. Nf3 {[%emt 0:00:12]} Bb4+ {[%emt 0:00:40]} 4. Bd2 {[%emt 0:00:07]} Qe7 {[%emt 0:00:55]} 5. a3 {[%emt 0:00:10]} Bxd2+ {[%emt 0:00:12]} 6. Nbxd2 {[%emt 0:00:02]} d6 {[%emt 0:00:37]} 7. e3 {[%emt 0:00:06]} O-O {[%emt 0:01:16]} 8. Bd3 {[%emt 0:00:06]} Nbd7 {[%emt 0:00:42]} 9. O-O {[%emt 0:00:13]} b6 {[%emt 0:00:46]} 10. Rc1 {[%emt 0:01:06]} Bb7 {[%emt 0:00:56]} 11. Qe2 {[%emt 0:03:38]} e5 {[%emt 0:02:26]} 12. Bb1 {[%emt 0:12:40]} exd4 {[%emt 0:29:09]} 13. Nxd4 {[%emt 0:00:11]} g6 {[%emt 0:00:16]} 14. Rfd1 {[%emt 0:08:13]} Rae8 {[%emt 0:05:16]} 15. Nf1 {[%emt 0:05:07]} Nh5 {[%emt 0:13:41]} 16. Ng3 {[%emt 0:09:49]} Qg5 {[%emt 0:07:56]} 17. Qf1 {[%emt 0:10:38]} Nxg3 {[%emt 0:08:45]} 18. hxg3 {[%emt 0:00:55]} Nf6 {[%emt 0:00:54]} 19. Nf3 {[%emt 0:05:52]} Qh5 {[%emt 0:01:07]} 20. Nh2 $1 {[%emt 0:01:27]} Qe5 {[%emt 0:15:33]} 21. Rd2 {[%emt 0:11:34]} a5 {[%emt 0:05:11]} 22. Rcd1 {[%emt 0:02:26]} Nd7 {[%emt 0:01:57]} 23. Bc2 {[%emt 0:02:20]} f5 {[%emt 0:00:43]} 24. Ba4 {[%emt 0:00:19]} Re7 {[%emt 0:00:49]} 25. Bxd7 {[%emt 0:01:40]} Rxd7 {[%emt 0:00:01]} 26. Qd3 {[%emt 0:02:36]} Rfd8 {[%emt 0:02:05]} 27. Nf3 {[%emt 0:00:49]} Qe4 {[%emt 0:00:37]} 28. Qxe4 {[%emt 0:01:41]} Bxe4 {[%emt 0:00:24]} 29. Nd4 {[%emt 0:00:28]} Kf7 {[%emt 0:00:24]} 30. f3 {[%emt 0:01:02]} Bb7 {[%emt 0:00:01]} 31. Nb3 {[%emt 0:00:49]} Ke7 {[%emt 0:00:39]} 32. Kf2 {[%emt 0:01:47]} a4 {[%emt 0:00:46]} 33. Nd4 {[%emt 0:02:29]} d5 {[%emt 0:00:08]} 34. cxd5 {[%emt 0:00:12]} Rxd5 {[%emt 0:00:20]} 35. Ke1 {[%emt 0:00:46]} c5 {[%emt 0:00:47]} 36. Nb5 {[%emt 0:00:48]} Rxd2 {[%emt 0:00:05]} 37. Rxd2 {[%emt 0:00:06]} Rxd2 {[%emt 0:00:01]} 38. Kxd2 {[%emt 0:00:01]} Bc6 {[%emt 0:00:03]} 39. Nc3 {[%emt 0:00:28]} b5 {[%emt 0:00:13]} 40. Ne2 {[%emt 0:01:12]} b4 {[%emt 0:01:25]} 41. axb4 {[%emt 0:31:06]} cxb4 {[%emt 0:30:01]} 42. Nd4 {[%emt 0:00:10]} Kd6 {[%emt 0:01:16]} 43. Kd3 {[%emt 0:13:42]} Bd5 {[%emt 0:00:00]} 44. e4 {[%emt 0:00:00]} fxe4+ {[%emt 0:00:00]} 45. fxe4 {[%emt 0:00:00]} Bg8 {[%emt 0:00:00]} 46. g4 {[%emt 0:00:00]} Kc5 {[%emt 0:00:00]} 47. Nc2 {[%emt 0:00:00]} Bb3 {[%emt 0:00:00]} 48. Ne1 {[%emt 0:00:00]} Be6 {[%emt 0:02:40]} ({And not} 48... a3 49. bxa3 bxa3 50. Kc3 $19) 49. g5 {[%emt 0:00:00]} Bc4+ {[%emt 0:00:48]} 50. Ke3 {[%emt 0:00:00]} a3 {[%emt 0:00:54]} 51. bxa3 {[%emt 0:00:00]} bxa3 {[%emt 0:00:02]} 52. Nc2 {[%emt 0:00:00]} a2 {[%emt 0:00:03]} 53. Kd2 {[%emt 0:00:00]} Bb3 {[%emt 0:01:52]} 54. Na1 {[%emt 0:00:00]} Kd4 $2 {[%emt 0:00:38]} 55. Nxb3+ {[%emt 0:00:00]} Kxe4 {[%emt 0:00:01]} 56. Kc2 {[%emt 0:00:00]} Kf4 {[%emt 0:00:16]} 57. Kb2 {[%emt 0:00:00]} Kxg5 {[%emt 0:00:23]} 58. Nd2 {[%emt 0:00:00]} Kf4 {[%emt 0:01:03]} (58... Kg4 $5 59. Nf1 (59. Kxa2 $2 Kg3 $19 60. Kb3 Kxg2 $19) 59... h5 $11) 59. Nf1 $11 {[%emt 0:00:00]} Ke4 {[%emt 0:00:43]} 60. Kxa2 Kd3 {[%emt 0:00:01]} 61. Kb2 {[%emt 0:01:17]} Ke2 {[%emt 0:00:02]} 62. Nh2 {[%emt 0:01:00]} h5 {[%emt 0:01:09]} 63. Nf3 {[%emt 0:00:14]} Kf2 {[%emt 0:00:37]} 64. Kc2 {[%emt 0:00:05]} g5 {[%emt 0:00:46]} 65. Nxg5 {[%emt 0:00:11]} Kxg2 {[%emt 0:00:05]} 66. Kd2 {[%emt 0:00:06]} Kg3 {[%emt 0:00:50]} 67. Ke2 {[%emt 0:00:10]} h4 {[%emt 0:00:16]} 68. Kf1 {[%emt 0:00:12]} h3 {[%emt 0:00:39]} 69. Nxh3 {[%emt 0:00:13]} 1/2-1/2